Southville International School and Colleges
Your cart is empty.
  • Cart
  • Lists
    Public lists Eva Luna New books Lux_list list_1
    Your lists Log in to create your own lists
  • Log in to your account
  • Your cookies
  • Search history
Southville International School and Colleges
  • Advanced search
  • Recent comments
  • Most popular
  • Libraries

Log in to your account

Log in with GOOGLE


If you do not have an external account, but do have a local account, you can still log in:

  1. Home
  2. MARC view: Oil rig workers :
Normal view MARC view ISBD view

Oil rig workers : (Record no. 9158)

[ view plain ]
MARC details
000 -LEADER
fixed length control field 01589cam a2200373 a 4500
001 - CONTROL NUMBER
control field 12814626
003 - CONTROL NUMBER IDENTIFIER
control field OSt
005 - DATE AND TIME OF LATEST TRANSACTION
control field 20140310182059.0
008 - FIXED-LENGTH DATA ELEMENTS--GENERAL INFORMATION
fixed length control field 020612s2003 nyua c b 001 0 eng
010 ## - LIBRARY OF CONGRESS CONTROL NUMBER
LC control number 2002008483
020 ## - INTERNATIONAL STANDARD BOOK NUMBER
International Standard Book Number 0823937976 (lib. bdg.)
040 ## - CATALOGING SOURCE
Original cataloging agency DLC
Transcribing agency DLC
Modifying agency DLC
042 ## - AUTHENTICATION CODE
Authentication code pcc
-- lcac
050 00 - LIBRARY OF CONGRESS CALL NUMBER
Classification number TN 871.2
Item number .B55 2003
082 00 - DEWEY DECIMAL CLASSIFICATION NUMBER
Classification number 622/.3382/023
100 1# - MAIN ENTRY--PERSONAL NAME
Personal name White, Katherine.
9 (RLIN) 12942
245 10 - TITLE STATEMENT
Title Oil rig workers :
Remainder of title life drilling for oil /
Statement of responsibility, etc Katherine White.
250 ## - EDITION STATEMENT
Edition statement 1st ed.
260 ## - PUBLICATION, DISTRIBUTION, ETC. (IMPRINT)
Place of publication, distribution, etc New York :
Name of publisher, distributor, etc Rosen Pub. Group,
Date of publication, distribution, etc 2003.
300 ## - PHYSICAL DESCRIPTION
Extent 64 p. :
Other physical details col. ill. ;
Dimensions 22 cm.
440 #0 - SERIES STATEMENT/ADDED ENTRY--TITLE
Title Extreme careers
9 (RLIN) 9976
504 ## - BIBLIOGRAPHY, ETC. NOTE
Bibliography, etc Includes bibliographical references (p. 56-61) and index.
505 0# - FORMATTED CONTENTS NOTE
Formatted contents note What is an oil rig worker? -- Becoming a rig worker -- A day in the life -- The Future of rig work.
520 ## - SUMMARY, ETC.
Summary, etc Explores how to prepare for and get into the field of oil rig work as a leasehand, rigger, driller, or drilling manager, and looks at the daily life of one who chooses a career as an oil worker.
521 ## - TARGET AUDIENCE NOTE
Target audience note
526 ## - STUDY PROGRAM INFORMATION NOTE
Reading level 1000L to 1310L
650 #0 - SUBJECT ADDED ENTRY--TOPICAL TERM
Topical term or geographic name as entry element Oil well drilling
General subdivision Vocational guidance
Geographic subdivision United States
Form subdivision Juvenile literature.
9 (RLIN) 12943
650 #1 - SUBJECT ADDED ENTRY--TOPICAL TERM
Topical term or geographic name as entry element Oil well drilling
Form subdivision Vocational guidance.
9 (RLIN) 12944
650 #1 - SUBJECT ADDED ENTRY--TOPICAL TERM
Topical term or geographic name as entry element Vocational guidance.
9 (RLIN) 2038
906 ## - LOCAL DATA ELEMENT F, LDF (RLIN)
a 7
b cbc
c orignew
d 1
e ecip
f 20
g y-gencatlg
942 ## - ADDED ENTRY ELEMENTS (KOHA)
Source of classification or shelving scheme Library of Congress Classification
Koha item type Books
Call number prefix
Holdings
Withdrawn status Lost status Source of classification or shelving scheme Damaged status Home library Current library Shelving location Date acquired Total Checkouts Full call number Barcode Date last seen Copy number Price effective from Koha item type
    Library of Congress Classification   Luxembourg Library Luxembourg Library High School Section 08/23/2013   TN 871.2 .B55 2003 17308 08/23/2013 1 08/23/2013 Books

Oil rig workers :

APA

White K., . (2003). Oil rig workers. New York: Rosen Pub. Group.

Chicago

White Katherine, . 2003. Oil rig workers. New York: Rosen Pub. Group.

Harvard

White K., . (2003). Oil rig workers. New York: Rosen Pub. Group.

MLA

White Katherine, . Oil rig workers. New York: Rosen Pub. Group. 2003.

  • Place hold
  • Print
  • Cite
  • Add to your cart (remove)
  • Save record
    BIBTEX Dublin Core MARCXML MARC (non-Unicode/MARC-8) MARC (Unicode/UTF-8) MARC (Unicode/UTF-8, Standard) MODS (XML) RIS
  • More searches
    Search for this title in:
    Other Libraries (WorldCat) Other Databases (Google Scholar) Online Stores (Bookfinder.com) Open Library (openlibrary.org)

Exporting to Dublin Core...

SOUTHVILLE LIBRARY

Southville International School and Colleges Library

1281 Tropical Ave. Cor. Luxembourg St., BF Homes International, Las Pinas City

Tel. No. 8256374 / 252358 Loc. 117/146

Powered by Koha